Statistics for Five-Letter Musical Acts

Click here to take the quiz!

General Stats

  • This quiz has been taken 14,738 times
    (14,729 since last reset)
  • The average score is 13 of 22

Answer Stats

HintAct% Correct
They are the championsQueen
98%
Police lead singerSting
83%
What the heck is a wonderwall?Oasis
77%
Timberlake and pals'N Sync
71%
Three hard rockers with very long beardsZZ Top
67%
Axl Rose's band mateSlash
65%
Rapper, producer, headphones tycoonDr. Dre
61%
Clapton's bandCream
61%
Iceland's most famous personBjörk
61%
You're just somebody that he used to knowGotye
57%
They're sexy and they know itLMFAO
57%
First she was 19, then 21, then 25Adele
56%
Brushes her teeth with a bottle of JackKe$ha
51%
R&B artist who signed Justin BieberUsher
50%
Named after a Back to the Future characterMcFly
50%
Took off all his clothes, 'cause it got hot in therreNelly
49%
Sum up 17, 14, and 10 to get the answerSum 41
45%
YOLO is his mottoDrake
44%
Amadeus rocked himFalco
41%
Why you gotta be so rude?Magic!
39%
Ann and Nancy WilsonHeart
36%
Their name is short for "Will Comply"Wilco
36%

Score Distribution

Percentile by Number Answered

Percent of People with Each Score

Your Score History

You have not taken this quiz since the last reset